<?xml version="1.0" encoding="UTF-8"?>
<record
    xmlns:xsi="http://www.w3.org/2001/XMLSchema-instance"
    xsi:schemaLocation="http://www.loc.gov/MARC21/slim http://www.loc.gov/standards/marcxml/schema/MARC21slim.xsd"
    xmlns="http://www.loc.gov/MARC21/slim">

  <leader>01704nam a22002297a 4500</leader>
  <controlfield tag="005">20220926140919.0</controlfield>
  <controlfield tag="008">220923b           ||||| |||| 00| 0 eng d</controlfield>
  <datafield tag="020" ind1=" " ind2=" ">
    <subfield code="a">9789351730781</subfield>
  </datafield>
  <datafield tag="040" ind1=" " ind2=" ">
    <subfield code="c">AL</subfield>
  </datafield>
  <datafield tag="041" ind1=" " ind2=" ">
    <subfield code="a">eng</subfield>
  </datafield>
  <datafield tag="082" ind1=" " ind2=" ">
    <subfield code="2">23</subfield>
    <subfield code="a">336.243</subfield>
    <subfield code="b">MEHC</subfield>
  </datafield>
  <datafield tag="100" ind1=" " ind2=" ">
    <subfield code="a">Mehrotra H C</subfield>
    <subfield code="9">58371</subfield>
  </datafield>
  <datafield tag="245" ind1=" " ind2=" ">
    <subfield code="a">Corporate tax planning and management</subfield>
  </datafield>
  <datafield tag="250" ind1=" " ind2=" ">
    <subfield code="a">20th ed.</subfield>
  </datafield>
  <datafield tag="260" ind1=" " ind2=" ">
    <subfield code="a">Agra</subfield>
    <subfield code="b">Sahitya Bhawan Publications</subfield>
    <subfield code="c">2022</subfield>
  </datafield>
  <datafield tag="300" ind1=" " ind2=" ">
    <subfield code="a">ii,362p.</subfield>
    <subfield code="b">PB</subfield>
    <subfield code="c">24x18cm.</subfield>
  </datafield>
  <datafield tag="365" ind1=" " ind2=" ">
    <subfield code="2">General</subfield>
    <subfield code="a">4394</subfield>
    <subfield code="b">&#x20B9;280.00</subfield>
    <subfield code="c">&#x20B9;</subfield>
    <subfield code="d">&#x20B9;350.00</subfield>
    <subfield code="e">20%</subfield>
    <subfield code="f">21-09-2022</subfield>
  </datafield>
  <datafield tag="520" ind1=" " ind2=" ">
    <subfield code="a">Legal position as amended up to June 2022 is given.Even the last minute changes in the law have been incorporated in this revised edition of the book and as such it is the latest and most update book on Income Tax for the Assessment Year 2022-23. Further, the amendments made by the Finance Act, 2022, applicable for the Assessment Years 2022-23 and 2023-24, have been incorporated in the book. In the chapter of Deduction and Collection of Tax at Source newly inserted sections 194R and 194S of the Income Tax Act, applicable from 01.07.2022 have been included.User-friendly examination-oriented style facilitating easy comprehension of each topic.Solved Illustrations and Questions for exercise are largest in number in comparison to other books on income tax.
A simplified, systematic approach to the understanding of a complex subject written in a unique, simple and easy to understand language.Each topic, after a theoretical exposition is followed by illustrations to facilitate the students to master the practical application of Corporate Tax Law.</subfield>
  </datafield>
  <datafield tag="650" ind1=" " ind2=" ">
    <subfield code="2">Taxation</subfield>
    <subfield code="a">Corporate Tax</subfield>
    <subfield code="9">58372</subfield>
  </datafield>
  <datafield tag="700" ind1=" " ind2=" ">
    <subfield code="a">Goyal, S P</subfield>
    <subfield code="9">58373</subfield>
  </datafield>
  <datafield tag="942" ind1=" " ind2=" ">
    <subfield code="2">ddc</subfield>
    <subfield code="c">BK</subfield>
  </datafield>
  <datafield tag="999" ind1=" " ind2=" ">
    <subfield code="c">224652</subfield>
    <subfield code="d">224652</subfield>
  </datafield>
  <datafield tag="952" ind1=" " ind2=" ">
    <subfield code="0">0</subfield>
    <subfield code="1">0</subfield>
    <subfield code="2">ddc</subfield>
    <subfield code="4">0</subfield>
    <subfield code="7">0</subfield>
    <subfield code="8">MCOM</subfield>
    <subfield code="a">SACPG</subfield>
    <subfield code="b">SACPG</subfield>
    <subfield code="d">2022-09-23</subfield>
    <subfield code="e">Biblios Book Point</subfield>
    <subfield code="g">280.00</subfield>
    <subfield code="l">3</subfield>
    <subfield code="o">336.243 MEHC</subfield>
    <subfield code="p">PG024014</subfield>
    <subfield code="r">2023-12-04 00:00:00</subfield>
    <subfield code="s">2023-11-15</subfield>
    <subfield code="v">350.00</subfield>
    <subfield code="w">2022-09-23</subfield>
    <subfield code="y">BK</subfield>
  </datafield>
  <datafield tag="952" ind1=" " ind2=" ">
    <subfield code="0">0</subfield>
    <subfield code="1">0</subfield>
    <subfield code="2">ddc</subfield>
    <subfield code="4">0</subfield>
    <subfield code="7">0</subfield>
    <subfield code="8">MCOM</subfield>
    <subfield code="a">SACPG</subfield>
    <subfield code="b">SACPG</subfield>
    <subfield code="d">2022-09-23</subfield>
    <subfield code="e">Biblios Book Point</subfield>
    <subfield code="g">280.00</subfield>
    <subfield code="l">6</subfield>
    <subfield code="o">336.243 MEHC</subfield>
    <subfield code="p">PG024015</subfield>
    <subfield code="r">2024-11-13 00:00:00</subfield>
    <subfield code="s">2024-11-11</subfield>
    <subfield code="v">350.00</subfield>
    <subfield code="w">2022-09-23</subfield>
    <subfield code="y">BK</subfield>
  </datafield>
</record>
